La minería en la provincia de Mendoza. (Record no. 24366)

MARC details
000 -LEADER
fixed length control field 00770cam a22002051 4500
001 - CONTROL NUMBER
control field gs 05001228
003 - CONTROL NUMBER IDENTIFIER
control field DLC
005 - DATE AND TIME OF LATEST TRANSACTION
control field 20260227111303.0
008 - FIXED-LENGTH DATA ELEMENTS--GENERAL INFORMATION
fixed length control field 940325s1890 ag abe 000 0 spa c
010 ## - LIBRARY OF CONGRESS CONTROL NUMBER
LC control number gs 05001228
035 ## - SYSTEM CONTROL NUMBER
System control number (OCoLC)30023760
040 ## - CATALOGING SOURCE
Original cataloging agency Library, U.S. Geological Survey
Transcribing agency CU
Modifying agency CU
-- DLC
042 ## - AUTHENTICATION CODE
Authentication code premarc
050 00 - LIBRARY OF CONGRESS CALL NUMBER
Classification number TN37.M5
Item number A9
100 2# - MAIN ENTRY--PERSONAL NAME
Personal name Avé-Lallemant, Germán.
245 03 - TITLE STATEMENT
Title La minería en la provincia de Mendoza.
Remainder of title El Paramillo de Uspallata,
Statement of responsibility, etc. por Germán Avé Lallemant ... Memoria presentada á la Sociedad científica agrentina.
260 ## - PUBLICATION, DISTRIBUTION, ETC.
Place of publication, distribution, etc. Buenos Aires,
Name of publisher, distributor, etc. Imprenta de P.E. Coni e hijos,
Date of publication, distribution, etc. 1890.
300 ## - PHYSICAL DESCRIPTION
Extent 136 p.
Other physical details fold. map, fold. plans, fold. diagrs.
Dimensions 26 cm.
650 #0 - SUBJECT ADDED ENTRY--TOPICAL TERM
Topical term or geographic name entry element Mines and mineral resources
Geographic subdivision Argentina
General subdivision Mendoza.

No items available.

Powered by Koha